Работы по испытанию изоляции в новой высоковольтной лаборатории Томского политехнического института; Сборник тезисов докладов первой научной сессии вузов, объединенных Западно-Сибирским советом по координации научно-исследовательской работы (19-23 февраля 1963 г.); Вып. 2

Podrobná bibliografie
Parent link:Сборник тезисов докладов первой научной сессии вузов, объединенных Западно-Сибирским советом по координации научно-исследовательской работы (19-23 февраля 1963 г.): в 3 вып./ СССР, Министерство высшего и среднего специального образования ; гл. ред. К. В. Савицкий.— , 1963
Вып. 2.— 1963.— С. 24
Další autoři: Воробьев А. А. Александр Акимович, Торбин Н. М., Андреев Г. А., Каляцкий И. И. Иван Иванович
Jazyk:ruština
Vydáno: 1963
Edice:Секция электромеханики и энергетики
Témata:
Médium: MixedMaterials Kapitola
KOHA link:https://koha.lib.tpu.ru/cgi-bin/koha/opac-detail.pl?biblionumber=171388

MARC

LEADER 00000naa2a2200000 4500
001 171388
005 20231031163957.0
035 |a (RuTPU)RU\TPU\book\185846 
035 |a RU\TPU\tpu\4398 
090 |a 171388 
100 |a 20091203d1963 k y0rusy50 ca 
101 0 |a rus 
102 |a RU 
200 1 |a Работы по испытанию изоляции в новой высоковольтной лаборатории Томского политехнического института  |f А. А. Воробьёв [и др.] 
225 1 |a Секция электромеханики и энергетики 
461 0 |0 (RuTPU)RU\TPU\book\168745  |t Сборник тезисов докладов первой научной сессии вузов, объединенных Западно-Сибирским советом по координации научно-исследовательской работы (19-23 февраля 1963 г.)  |o в 3 вып.  |f СССР, Министерство высшего и среднего специального образования ; гл. ред. К. В. Савицкий  |d 1963 
463 0 |0 (RuTPU)RU\TPU\book\103768  |t Вып. 2  |v С. 24  |d 1963  |p 163 с. 
610 1 |a диэлектрикий 
610 1 |a труды учёных ТПУ 
610 1 |a электричество 
610 1 |a пробой 
701 1 |a Воробьев  |b А. А.  |c российский физик  |c ректор Томского политехнического института, профессор  |f 1909-1981  |g Александр Акимович  |2 stltpush  |3 (RuTPU)RU\TPU\pers\12805  |4 070 
701 1 |a Торбин  |b Н. М.  |4 070 
701 1 |a Андреев  |b Г. А.  |4 070 
701 1 |a Каляцкий  |b И. И.  |c российский электротехник  |c ректор Томского политехнического института в 1970-1984, профессор  |f 1927-2005  |g Иван Иванович  |2 stltpush  |3 (RuTPU)RU\TPU\pers\14030  |4 070 
801 0 |a RU  |b 63413507  |c 20011210  |g PSBO 
801 2 |a RU  |b 63413507  |c 20140926  |g PSBO 
942 |c BK